Datum a čas kvízu
38
Celkem bodů
Celkový počet nahraných bodů na tomto kvízu bez doplňovacích otázek.
3.
Pořadí na kvízu
Konečné umístění týmu na tomto kvízu.
Zaznamenané odpovědi
| # | Otázka | Odpověď | Body | Výsledky |
|---|---|---|---|---|
| 1. | České dráhy v úterý nasadily n... | Fox (liška) | 0 | |
| 2. | Berlínští policisté museli min... | o mývaly | 1 | |
| 3. | Ve čtvrtek byl v Praze zahájen... | Letní Letná | 1 | |
| 4. | Tisíce lidí se v úterý shromáž... | v Irsku | 1 | |
| 5. | Která reprezentace zvítězila v... | Španělsko, Anglie | 0.5 | |
| 6. | Léto je v plném proudu a my vá... | v Brně | 1 | |
| 7. | Festival Hrady CZ objíždí již... | D | 1 | |
| 8. | Již od roku 1946 patří k létu... | Mariánské Lázně | 1 | |
| 9. | K létu neodmyslitelně patří ko... | Pastviny (Pastvinská přehrada) | 0 | |
| 10. | Přiřaďte následující oblíbené... | 1C 2B 3A 4D | 1 |